LEADER 01820nam a2200373 a 4500 001 000000123178 003 CaOOAMICUS 005 20100930103629.0 008 100930t2010 vc a u000 u spa r 020 $a978-88-209-8388-8 040 $aPUL$bita 041 0 $aspa$aeng 082 04$a327.45 100 1 $aBrito De Macedo, Marcus Vinicius.$0(OLS)http://pul/name/77497 245 13$aLa diplomacia pontificia como servicio petrino y su participación en la Organización de las Naciones Unidas /$cMarcus Vinicius Brito de Macedo. 260 $aCittŕ del Vaticano :$bLibreria editrice vaticana,$c©2010. 300 $a363 p. :$bill. ;$c24 cm 500 $aInclude appendici. 502 $aTesis (Doctoral) -- Universidad de Navarra, Faculdad de Comunicación. 504 $aInclude bibliografia p. 283-292. 546 $aTesto in spagnolo, alcune appendici in inglese. 610 14$aChiesa cattolica$xRelazioni diplomatiche.$0(OLS)http://pul/subject/37206 610 24$aUnited Nations$xDiplomazia.$0(OLS)http://pul/subject/37204 650 4$aDiplomazia pontificia.$0(OLS)http://pul/subject/4667 850 $aPUL 852 $aPUL$W1$xSL Diritto e Scienze Sociali 3$y79$m327. 45 DEMMA 1$j141620$qDDC 21$B140649$CPULBib$Z2$F140649 $H114144 $82 941 1 $a9 960 $aSanta Sede$xRelazioni diplomatiche$94667 960 $aSanta Sede$xRelazioni diplomatiche$94667 996 $6020$a978-88-209-8388-8$9(OLS)http://pul/number/145484 996 $6082$a327.45$9(OLS)http://pul/classification/704 996 $6245$aLa diplomacia pontificia como servicio petrino y su participación en la Organización de las Naciones Unidas$9(OLS)http://pul/title/155233 996 $6260$aCittŕ del Vaticano :$bLibreria editrice vaticana$9(OLS)http://pul/publisher/47920 LEADER 01464nam a2200337 a 4500 001 000000159884 003 CaOOAMICUS 005 20170404115627.0 008 170404s2013 it u000 u ita r 020 $z978-88-8284-772-2* 032 $aLibriCat 040 $aPUL$bita 082 14$a306.85 100 1 $aIafrate, Raffaella.$0(OLS)http://pul/name/58786 245 00$aFigli dati al mondo : $beducare oggi in famiglia /$cRaffella Iafrate, Anna Bertoni . 260 $aRoma :$bA.V.E. ;$aRoma :$bFondazione Apostolicam Actuositatem,$c©2013. 300 $a139 p. ;$c20 cm. 490 1 $aEducare oggi ;$v07 504 $aContiene riferimenti bibliografici. 650 4$aPedagogia familiare.$0(OLS)http://pul/subject/38423 700 1 $aBertoni, Anna.$0(OLS)http://pul/name/102274 830 0$aEducare oggi ;$v07.$0(OLS)http://pul/title/184003 850 $aPUL 852 $aPUL$W1$xSL Diritto e Scienze Sociali 3$y79$m306. 85 LAFRA 1$j183466$qDDC 21$B186672$CPULBib$Z2$F186672 $H129301 $81 941 1 $a9 996 $6020$z978-88-8284-772-2*$9(OLS)http://pul/number/162343 996 $6082$a306.85$9(OLS)http://pul/classification/1842 996 $6245$aFigli dati al mondo : $beducare oggi in famiglia$9(OLS)http://pul/title/199513 996 $6260$aRoma :$bA.V.E.$9(OLS)http://pul/publisher/47979 996 $6260$aRoma :$bFondazione Apostolicam Actuositatem$9(OLS)http://pul/publisher/82578